00620cam a22002171 4500001001300000003000400013005001700017008004100034010001700075035001900092040002200111042001200133050001800145082001900163100001700182245006700199260006600266300001800332650003500350999001700385sa 67002977 DLC20260227112335.0791101s1966 xx 000 0 eng  asa 67002977  a(OCoLC)5635691 aDLCcNNepaSUdDLC apremarc00aJQ379.A15bV3 a324/.2021/54141 aVasil, R. K.10aW[est] Bengal elections 1962 ;ban analysisc[by] R. K. Vasil. a[Calcutta]bInstitute of Political and Social Studiesc[1966] a61 p.c22 cm. 0aElectionszIndiazWest Bengal. c73569d73569